| 000 | 00752cam a22002531 4500 | ||
|---|---|---|---|
| 999 |
_c9990 _d9990 |
||
| 001 | 9990 | ||
| 003 | BD-JhCC | ||
| 005 | 20180404170412.0 | ||
| 008 | 180404s1951 xx 000 0 eng c | ||
| 035 |
_a(OCoLC)2979611 _a(BD-JhCC)9990 |
||
| 040 |
_aU. S. Dept. of Agr. Libr. _cODa _dDLC _dBD-JhCC |
||
| 041 | _aeng | ||
| 050 | 0 | 0 |
_aS676 _b.C75 1951 |
| 082 |
_a631.3 _bCOO 1951 |
||
| 100 | 1 | _aCook, Glen Charles. | |
| 245 | 0 | 0 |
_aFarm mechanics text and handbook / _cby G. C. Cook, L. L. Scranton and H. F. McColly. |
| 250 | _a[Rev. ed.] | ||
| 260 |
_aDanville, Ill : _bThe Interstate, _c1951. |
||
| 300 |
_a708 p. _billus. _c24 cm. |
||
| 504 | _aIncludes bibliographies. | ||
| 650 | 0 | _aAgricultural engineering. | |
| 942 |
_2ddc _cREF |
||